| 000 | 00415nam a2200169Ia 4500 | ||
|---|---|---|---|
| 001 | 11568 | ||
| 003 | IN-NITTTR | ||
| 005 | 20251114233108.0 | ||
| 008 | 251113s9999||||xx |||||||||||||| ||eng|| | ||
| 040 | _beng | ||
| 040 | _cIN-NITTTR | ||
| 041 | _aeng | ||
| 082 | _a671 J631M | ||
| 100 | _aJohnson, Harold V. | ||
| 245 | 0 |
_aManufacturing processes : _b metals and plastics / _cJohnson, Harold V. |
|
| 942 |
_2ddc _cBK |
||
| 999 |
_c14204 _d14204 |
||